Contratos / Tomo II.
Guardado en:
| Autor Principal: | |
|---|---|
| Formato: | Libro |
| Idioma: | Undetermined |
| Publicado: |
Ciudad Autónoma de Buenos Aires :
Erreius,
2018.
|
| Edición: | 1a. ed. |
| Materias: | |
| Etiquetas: |
Agregar Etiqueta
Sin Etiquetas, Sea el primero en etiquetar este registro!
|
| LEADER | 00472nam a22001575a 4500 | ||
|---|---|---|---|
| 001 | DER.der015481 | ||
| 008 | 251112s2018####xx############000#0#und#d | ||
| 005 | 20251112135345.0 | ||
| 245 | 1 | 0 | |a Contratos / |c Di Chiazza, Iván G. |n Tomo II. |
| 250 | |a 1a. ed. | ||
| 260 | |a Ciudad Autónoma de Buenos Aires : |b Erreius, |c 2018. | ||
| 300 | |a 1729 p. | ||
| 020 | |a 9789874405258 | ||
| 100 | 1 | |a Di Chiazza, Iván G. | |
| 650 | 7 | |a CONTRATOS | |
| 859 | |a DERECHO |b BIB. DERECHO |h 346.02 |i CHI |p 0010735 |3 Tomo II | ||
